| 000 | 00974nam a2200253 a 4500 | ||
|---|---|---|---|
| 001 | 000026464 | ||
| 005 | 20240527195259.0 | ||
| 008 | 090717s1996 dr 00 0 spa d | ||
| 040 |
_aDO-SdBNP _bspa _cBNPHU |
||
| 082 |
_a330.98 _bB333g |
||
| 100 | 1 |
_aBatista, José _953524 |
|
| 245 | 1 | 0 |
_aGlobalización, integración y caos, latinoamérica en la encrucijada : _bdesarrollo ético vs económico / _cJosé Batista. |
| 260 |
_aSanto Domingo : _bEducativa Dominicana, _c1996. |
||
| 300 |
_a100 p. ; _c21 cm. |
||
| 490 | 1 | _aConciencia | |
| 500 | _aEn la portada: Un homenaje póstumo a Luis Donaldo Colosio. | ||
| 590 | _aInventariado, 2018/VM | ||
| 650 | 0 |
_aGlobalización _91524 |
|
| 650 | 4 |
_aDesarrollo económico _zAmérica Latina _xEnsayos, conferencias, etc. _953525 |
|
| 651 | 4 |
_aAmérica Latina _xIntegración Económica _928831 |
|
| 651 | 4 |
_aAmérica Latina _xCondiciones Sociales _95034 |
|
| 830 | 0 |
_aConciencia _912689 |
|
| 910 | _aValidado. Control de calidad EMS | ||
| 999 |
_c25956 _d25956 |
||